| 000 | 00000nam##2200000za#4500 |
| 001 | 9.647722 |
| 003 | CaOODSP |
| 005 | 20250319162501 |
| 007 | ta |
| 008 | 150407|2000||||xxc||||| f|0| 0 eng|d |
| 020 | |a0-662-28900-5 |
| 040 | |aCaOODSP|beng |
| 043 | |an-cn--- |
| 086 | 1 |aA22-205/2000E |
| 110 | 1 |aCanada. |bAgriculture and Agri-Food Canada. |
| 245 | 10|aRisk management and Safety Net Program survey |
| 260 | |aOttawa - Ontario : |bAgriculture and Agri-Food Canada |c2000. |
| 300 | |a87p. : |bgraphs, tables ; |c28 cm. |
| 500 | |a"In the spring of 1998, Agriculture and Agri-Food Canada (AAFC) commissioned Angus Reid Group (ARG) to conduct a benchmark study with producers across Canada. .. In the fall of 1999, a follow-up study was conducted to provide a more in-depth analysis of the use of safety net programs... The report presents the findings of the follow-up study based on 2,400 interviews conducted in November/December 1999."--Page 1. |
| 520 | 3 |aIn the spring of 1998, Agriculture and Agri-Food Canada (AAFC) commissioned Angus Reid Group (ARG) to conduct a benchmark study with producers across Canada. .. In the fall of 1999, a follow-up study was conducted to provide a more in-depth analysis of the use of safety net programs... The report presents the findings of the follow-up study based on 2,400 interviews conducted in November/December 1999.--Page 1 |
| 563 | |aSpiral binding |
| 590 | |a00-29|b2000-07-21 |
| 690 | 07|aAgricultural assistance|2gcpds |
| 690 | 07|aFarming|2gcpds |
| 690 | 07|aIncome|2gcpds |
| 690 | 07|aFinancial management|2gcpds |
| 775 | 08|tSondage sur la gestion des risques et les programmes de protection du revenu agricole |w(CaOODSP)9.681108 |
| 776 | 0#|tRisk management and safety net program survey / |w(CaOODSP)9.693519 |